| 000 | 01487cam a2200397 a 4500 | ||
|---|---|---|---|
| 001 | 16749277 | ||
| 003 | PILC | ||
| 005 | 20160112114559.0 | ||
| 008 | 110425s1875 nyua j 000 1 eng | ||
| 010 | _a 2011656370 | ||
| 040 |
_aDLC _cDLC _edcrmb |
||
| 050 | 0 | 0 |
_aPZ 8.3 _b.D314 1981 |
| 082 |
_aFIC _bD360 2006 |
||
| 100 | _aDefoe, Daniel | ||
| 245 | 0 | 0 |
_aRobinson crusoe _cDaniel Defoe. |
| 246 | 1 | 6 | _aAdventures of Robinson Crusoe |
| 260 |
_aNew York : _bMcLoughlin Bros., _cc1987. |
||
| 300 |
_a287 p. ; _c14 cm. |
||
| 490 | 0 | _aAunt Louisa's big picture series | |
| 500 | _aIn verse. | ||
| 500 | _aCover title. | ||
| 500 | _aDate of publication suggested by the American Antiquarian Society; Lovett suggests between 1890 and 1899. | ||
| 500 | _aLeaves printed on one side only. Illustrated wrapper included in pagination. | ||
| 500 | _aPublisher's advertisement on p. [4] of wrapper, with address 71 & 73 Duane St., N.Y., includes the Aunt Louisa big picture series, price 25 cents each, and the Golden light series. | ||
| 510 | 4 |
_aLovett, R.W. Robinson Crusoe, _c700 |
|
| 562 | _e1 | ||
| 650 | 0 |
_aFiction _9746 |
|
| 655 | 7 |
_aJuvenile literature _y1875. _2rbgenr _94872 |
|
| 700 | 1 |
_aDefoe, Daniel, _d1661?-1731. _tRobinson Crusoe. _94873 |
|
| 710 | 2 |
_aMcLoughlin Bros., inc., _epublisher. _94874 |
|
| 906 |
_a7 _bcbc _corignew _d2 _encip _f20 _gy-genrareb |
||
| 942 |
_2lcc _cBK |
||
| 999 |
_c7965 _d7965 |
||